Bases para la transformación productiva y generación de ingresos de la población pobre de los países del Istmo Centroamericano /
Los autores reflexionan sobre la integración y derroteros del "Programa Regional de ataque a la Pobreza". En este sentido se detienen en considera los obstáculos que presenta el mismo en el área centroamericana, se profundizan los elementos que deben ser considerados en los programas de me...
Đã lưu trong:
| Tác giả chính: | |
|---|---|
| Tác giả của công ty: | |
| Tác giả khác: | , , , |
| Định dạng: | Không biết |
| Được phát hành: |
Heredia:
EFUNA
|
| Những chủ đề: | |
| Các nhãn: |
Thêm thẻ
Không có thẻ, Là người đầu tiên thẻ bản ghi này!
|
MARC
| LEADER | 00000 a2200000 04500 | ||
|---|---|---|---|
| 001 | 28816 | ||
| 003 | |||
| 008 | 991231s d | ||
| 040 | |||
| 090 | |a 189802 | ||
| 100 | |a Falla Venegas, Helio | ||
| 110 | |a UNA. Maestría en Política Económica | ||
| 245 | |a Bases para la transformación productiva y generación de ingresos de la población pobre de los países del Istmo Centroamericano / |c Helio Falla Venegas | ||
| 260 | |a Heredia: |b EFUNA | ||
| 300 | |a 63 p | ||
| 520 | |a Los autores reflexionan sobre la integración y derroteros del "Programa Regional de ataque a la Pobreza". En este sentido se detienen en considera los obstáculos que presenta el mismo en el área centroamericana, se profundizan los elementos que deben ser considerados en los programas de mejoramiento humano y gasto público la participación de la población pobre en la producción y inversión, el impacto de las políticas macroeconómicas y la participación de la población en el combate contra la pobreza | ||
| 650 | |a POLITICA SOCIAL | ||
| 650 | |a ALIVIO DE LA POBREZA | ||
| 650 | |a BIENESTAR SOCIAL | ||
| 650 | |a SALUD | ||
| 650 | |a EMPLEO | ||
| 650 | |a EDUCACION | ||
| 650 | |a PARTICIPACION DEL ESTADO | ||
| 650 | |a GENERACION DE INGRESOS | ||
| 650 | |a POLITICA ECONOMICA | ||
| 650 | |a ZONAS RURALES | ||
| 700 | |a Gutiérrez, Miguel Angel | ||
| 700 | |a Serrano, Pablo | ||
| 700 | |a Siri, Gabriel | ||
| 700 | |a Yusidmau, Clara | ||
| 999 | |c 10898 |d 10898 | ||
